Yeni Türk devletinin öncüleri : (Record no. 200429137)

MARC details
000 -LEADER
fixed length control field 01122nam a2200325Ia 4500
001 - CONTROL NUMBER
control field 21573158
003 - CONTROL NUMBER IDENTIFIER
control field TR-AnTOB
005 - DATE AND TIME OF LATEST TRANSACTION
control field 20241118151359.0
008 - FIXED-LENGTH DATA ELEMENTS--GENERAL INFORMATION
fixed length control field 900522s1981 tu b 00 0 tur d
040 ## - CATALOGING SOURCE
Original cataloging agency CLU
Transcribing agency TR-AnTOB
Modifying agency BGZ
Language of cataloging eng
Description conventions rda
041 00 - LANGUAGE CODE
Language code of text/sound track or separate title Türkçe
043 ## - GEOGRAPHIC AREA CODE
Geographic area code a-tu---
049 ## - LOCAL HOLDINGS (OCLC)
Holding library BGZA
050 ## - LIBRARY OF CONGRESS CALL NUMBER
Classification number DR576
090 ## - LOCALLY ASSIGNED LC-TYPE CALL NUMBER (OCLC); LOCAL CALL NUMBER (RLIN)
Classification number (OCLC) (R) ; Classification number, CALL (RLIN) (NR) DR576
Local cutter number (OCLC) ; Book number/undivided call number, CALL (RLIN) .A43 1981
100 1# - MAIN ENTRY--PERSONAL NAME
Personal name Akçura, Yusuf,
Dates associated with a name 1876-1935
9 (RLIN) 49998
245 10 - TITLE STATEMENT
Title Yeni Türk devletinin öncüleri :
Remainder of title 1928 yılı yazıları /
Statement of responsibility, etc. Yusuf Akçura ; basıma hazırlayan Nejat Sefercioğlu.
264 ## - PRODUCTION, PUBLICATION, DISTRIBUTION, MANUFACTURE, AND COPYRIGHT NOTICE
Place of production, publication, distribution, manufacture Ankara :
Name of producer, publisher, distributor, manufacturer Kültür Bakanlığı,
Date of production, publication, distribution, manufacture, or copyright notice 1981.
300 ## - PHYSICAL DESCRIPTION
Extent xvi, 212 p. ;
Dimensions 20 cm.
336 ## - CONTENT TYPE
Source rdacontent
Content type term text
Content type code txt
337 ## - MEDIA TYPE
Source rdamedia
Media type term unmediated
Media type code n
338 ## - CARRIER TYPE
Source rdacarrier
Carrier type term volume
Carrier type code nc
490 0# - SERIES STATEMENT
Series statement Kültür Bakanlığı Yayınları ;
Volume/sequential designation 421
Series statement Doğumunun 100. Yılında Atatürk Yayınları ;
Volume/sequential designation 30
504 ## - BIBLIOGRAPHY, ETC. NOTE
Bibliography, etc. note
650 #0 - SUBJECT ADDED ENTRY--TOPICAL TERM
Topical term or geographic name entry element Milliyetçilik
Geographic subdivision Türkiye
General subdivision Tarih
9 (RLIN) 50000
Topical term or geographic name entry element Nationalism
Geographic subdivision Turkey
General subdivision History
9 (RLIN) 103882
700 1# - ADDED ENTRY--PERSONAL NAME
Personal name Sefercioğlu, Nejat
9 (RLIN) 49999
942 ## - ADDED ENTRY ELEMENTS (KOHA)
Source of classification or shelving scheme Library of Congress Classification
Koha item type Book
Holdings
Withdrawn status Lost status Source of classification or shelving scheme Damaged status Not for loan Collection code Home library Current library Shelving location Date acquired Source of acquisition Inventory number Total Checkouts Full call number Barcode Date last seen Date shelved Koha item type
    Library of Congress Classification Yeni / New Ödünç Verilebilir / Available Genel Koleksiyon Merkez Kütüphane Merkez Kütüphane Genel Koleksiyon / Main Collection 15/03/2018 Bağış / Donation TAR   DR576 .A43 1981 0056109 15/03/2018 21/03/2018 Book
Devinim Yazılım Eğitim Danışmanlık tarafından Koha'nın orjinal sürümü uyarlanarak geliştirilip kurulmuştur.